000 01093cam a2200241 i 4500
003 SA-RiAUC
005 20251105115150.0
008 251102s1985 su g 00010 ara c
040 _aSA-RiAUC
_bara
_cSA-RiAUC
_erda
082 0 4 _a237.3
090 _a237.3
_bش ت ر
100 1 _aالشتري، عبد العزيز بن محمد،
_d1305-1387 هجري
_eمؤلف.
245 1 0 _aأذكار الصباح والمساء ؛
_bو يليها مختصر ثلاثة الأصول /
_cعبد العزيز محمد الشتري.
264 1 _aالرياض :
_bالرئاسة العامة لإدارة البحوث العلمية والإفتاء والدعوة والإرشاد، الإدارة العامة للطبع والترجمة،
_c[1985]
300 _a31 صفحة ؛
_c15 سم
336 _aنص
_btxt
_2rdacontent
_3كتاب
337 _aبدون وسيط
_bn
_2rdamedia
338 _aمجلد
_bnc
_2rdacarrier
650 7 _aالأدعية والأوراد
_2aucsh
740 0 2 _aمختصر ثلاثة الأصول.
942 _2ddc
_cBOOK
_n0
949 _aSA-JeALM
_d251102
_umohamedma123
_n1
999 _c13004
_d13004